000 00574nam a2200193Ia 4500
003 GCL
008 140319s9999 xx 000 0 ara d
040 _aGCL /
_cGCL
082 0 4 _a920.71
_bه م
100 1 _aاحمد غسان سبانو
245 1 0 _aالمائة الاوائل /
_cاحمد غسان سبانو
700 1 _aخالد اسعد عيسى
700 1 _aهارت, مايكل
300 _a317 ص
490 _aالهيئة العامة للاستعلامات
_v0
650 0 4 _aالعلماء
650 0 4 _aالاسلام - تراجم
942 _2ddc
_cBK
999 _c49038
_d49038